|
|
|
|
| LEADER |
00000nab a2200000uu 4500 |
| 001 |
vtls011144774 |
| 003 |
SK-MaSNL |
| 005 |
20260303130036.0 |
| 008 |
230218|1994 xo |||||||||||||||||cze| |
| 015 |
|
|
|a SNBRB
|
| 035 |
|
|
|a (urnnbn)urn:nbn:sk:snk:ar-008i8a
|
| 035 |
|
|
|a (uuid)20a75413-bb22-4fe6-821a-6360c65f254f
|
| 035 |
|
|
|a urn:nbn:sk:snk-abavpz
|
| 040 |
|
|
|a SNKBUCL
|b slo
|c SNKBUCL
|e AACR2
|
| 041 |
0 |
|
|a cze
|
| 044 |
|
|
|a xo
|c SK
|
| 100 |
1 |
|
|a Růžičková, Eva,
|d 1947-
|4 aut
|9 220966
|
| 245 |
1 |
0 |
|a Současná problematika glaukomu
|c E. Růžičková, J. Cihlářová, L. Šíp
|
| 700 |
1 |
|
|a Cihlářová, J.
|4 aut
|9 999776
|
| 700 |
1 |
|
|a Šíp, L.
|4 aut
|9 999777
|
| 773 |
0 |
|
|t Československá oftalmologie
|g Roč. 50, č. Supplementum (1994), s. 8-11
|
| 954 |
|
|
|a odborná, vedecká literatúra cudzojazyčná (svetová)
|2 lita
|
| 958 |
|
|
|a OND
|
| 958 |
|
|
|a EUIPO
|
| 958 |
|
|
|a article14
|
| 999 |
|
|
|c 1937981
|d 1939911
|